000 00336nam a2200145 a 4500
005 20140414132105.0
008 100823s19uu xx 00 eng d
050 _aVCD
_bM33
100 _aRich, Richard
245 _aMarie Curie.
260 _c2001.
300 _a30 mins / Color / Stereo
650 _aMarie Curie
999 _c114586
_d114586